000 00378nam a2200157Ia 4500
008 230524s9999 xx 000 0 und d
082 _a621.35
_bKAH
100 _aAtul Kahate
245 0 _aFoundations of Information Technology
250 _a1ST
260 _aNEW DELHI
_bTMH
_c2003
300 _aXVI;427
500 _aQuantity Number: 2
650 _aComp-Sc
942 _cBK
999 _c12886
_d12886